YouTubers by Emojis - Statistics

General Stats
  • This quiz has been taken 405 times
  • The average score is 5 of 20
Answer Stats
Emojis Answer % Correct
πŸ§”πŸ»β€β™‚οΈπŸ―πŸ’Έ MrBeast
91%
πŸ·πŸ‘‘βš”οΈ Technoblade
42%
πŸ₯·πŸ”΅πŸ–₯️ Ninja
39%
πŸ‘ΆπŸ«πŸ‰ Cocomelon
36%
πŸ‘¨πŸ‘ŒπŸ€ Dude Perfect
33%
πŸ‘¦πŸΏπŸƒπŸΆ IShowSpeed
33%
πŸŽ―πŸΊπŸ‘©πŸ» SSSniperwolf
33%
πŸ”«πŸ˜΅πŸ₯§ PewDiePie
30%
πŸŸ’β˜Ίβ›οΈ Dream
29%
πŸ‡¬πŸ‡§πŸ‡³πŸ‡¬πŸ§£ KSI
27%
πŸ§”πŸ»β€β™€οΈπŸ§πŸ’§ Cr1TiKaL
20%
πŸ« πŸ”πŸ₯‘ Nikocado Avocado
20%
πŸͺ„πŸŽ©πŸ«… Zach King
19%
5οΈβƒ£πŸ§ΆπŸŽ¨ 5-Minute Crafts
15%
πŸ¦‡β™ŸοΈβ™œ GothamChess
15%
πŸƒπŸ’©πŸ‘οΈ Jacksepticeye
12%
🍚🫧🍬 RiceGum
10%
β˜•πŸ¦–πŸ’Ό Coffeezilla
5%
πŸ§ͺ🀯🌢️ Vsauce
4%
πŸ‡¨πŸ‡ΎπŸ«‚πŸšŠ Fidias
2%
No matching quizzes found
Score Distribution
Percent of People with Each Score
Percentile by Number Answered
Your Score History
You have not taken this quiz